000 00488nam a22001217a 4500
040 _cSY
082 _a577
100 _aUNEP
245 _aការស្ដារឡើងវិញនូវការបំផ្លិចបំផ្លាញបរិស្ថាននៅក្នុងសមុទ្រចិនភាគខាងត្បូង និងឈូងសមុទ្រថៃ
260 _aនាយកដ្ឋានជលផល
_bUNEP
_c2005
300 _a51p.
942 _cKB
999 _c9315
_d9315